Central Library OPAC University of Rajshahi

شرح ملا جامي ;; Sharh Mulla Jami / (Record no. 84525)

MARC details
000 -LEADER
fixed length control field 00644nam a2200205 a 4500
001 - CONTROL NUMBER
control field 84525
003 - CONTROL NUMBER IDENTIFIER
rucl marc code BD-RjUL
005 - DATE AND TIME OF LATEST TRANSACTION
control field 20241211123830.0
008 - FIXED-LENGTH DATA ELEMENTS--GENERAL INFORMATION
fixed length control field 241211s1307 pk ||||| |||| 00| 0 ara d
035 ## - SYSTEM CONTROL NUMBER
System control number (BD-RjUL)84525
040 ## - CATALOGING SOURCE
Original cataloging agency BD-RjUL
Language of cataloging eng
Transcribing agency BD-RjUL
041 ## - LANGUAGE CODE
Language code of text/sound track or separate title ara
082 ## - DEWEY DECIMAL CLASSIFICATION NUMBER
Edition number 23
Classification number 492.75
Author mark and year HUS 1307 h
100 ## - MAIN ENTRY--PERSONAL NAME
Relator code حسين, محمد خادم ;; Hussain, Mohammad Khadem
245 ## - TITLE STATEMENT
Title شرح ملا جامي ;; Sharh Mulla Jami /
Statement of responsibility, etc. محمد خادم حسين, Mohammad Khadem Hussain
260 ## - PUBLICATION, DISTRIBUTION, ETC. (IMPRINT)
Place of publication, distribution, etc. Karachi :
Name of publisher, distributor, etc. Intabaal Methbah ,
Date of publication, distribution, etc. 1307 h
300 ## - PHYSICAL DESCRIPTION
Pagination 380 p. ;
Size 30 cm.
650 ## - SUBJECT ADDED ENTRY--TOPICAL TERM
Topical term or geographic name as entry element Arabic Language
Form subdivision Grammar
942 ## - ADDED ENTRY ELEMENTS (KOHA)
Source of classification or shelving scheme Dewey Decimal Classification
Koha item type Books
Holdings
Lost status Source of classification or shelving scheme Damaged status Not for loan Collection code Permanent Location Current Location Shelving location Date acquired Source of acquisition Total Checkouts Full call number Date last seen Copy number Koha item type
  Dewey Decimal Classification   Not For Loan Non-fiction Central Library, University of Rajshahi Central Library, University of Rajshahi Reading Room 11/12/2024 Mawlana A.K. muhammad Husain , basudev pur , Rajshahi   A 492.75 HUS 1307 h 11/12/2024 C-1 Books